MDQL
is popping MORE tags! Check the
thread
!
Quizzes
Events
Quiz Creation
Community
Videos
Private Events
Remove Ads
Sign In
Join for FREE
Feedback
Dark Mode
Quiz Categories
Sports
Geography
Music
Movies
Television
Just For Fun
Miscellaneous
History
Literature
Language
Science
Gaming
Entertainment
Religion
Holiday
For Kids
Quiz Lab
Recent
Popular Today
Quiz Kudos Today
Editor Picks
Curator Picks
Quizzes by...
Day
Popularity
Type
Ratings
Length
Year
Community
Subscriptions
Recent Discussions
Orange Saloon
Badges
Playlists
Quests
Create
Leaderboards
Showdown
Live 5
Trivia Bingo
Activity
Puzzle Library
Sporcle Events
Private Events
Virtual Trivia
Globe League
Become a Host
Pub Owners
SporcleCon
Opinionation
Our Games
Videos
Blog
Mobile Apps
Partnerships
Remove Ads and Go Orange
Feedback
History
US Presidents
World Leaders
Politics
Nation
Discovery
War
Decade
Year
Century
Biography
Art
History
US Presidents
World Leaders
Politics
Nation
Discovery
War
Decade
Year
Century
Biography
Art
Random Quiz
Search Sporcle
×
Quiz Lab
Quiz Lab
History
Numbers
Type in answers that appear in a list
Type in answers that appear in a list
Classic
Best Score? Go Orange.
U.S. Navy LHA/D Amphibious Assault Ships Stats
Can you name the U.S. Navy's LHA/D Amphibious Assault Ships?
By
regaltdp
4m
16 Questions
197 Plays
197 Plays
197 Plays
Comments
Comments
Give Quiz Kudos
Give Quiz Kudos
-
- Ratings
hide this ad
More Info
Replay
Link that replays current quiz
Next Quiz
Link to next quiz in quiz playlist
You Got
0%
They Got
Avg Score
50%
Avg Friend Score
Upgrade to see
Score Distribution
Jump to the score distribution portion of the page
Score
0/16
Timer
04:00
1
Play Today
Hull Number
Name
% Correct
LHA-
1
USS Tarawa
77.7%
LHD-
1
USS Wasp
76.1%
LHD-
7
USS Iwo Jima
69.5%
LHA-
6
USS America
67%
LHA-
2
USS Saipan
57.4%
LHD-
6
USS Bonhomme Richard
56.3%
LHD-
2
USS Essex
53.8%
LHD-
3
USS Kearsarge
53.8%
Hull Number
Name
% Correct
LHD-
4
USS Boxer
52.8%
LHD-
8
USS Makin Island
50.3%
LHD-
5
USS Bataan
47.7%
LHA-
3
USS Belleau Wood
46.7%
LHA-
7
USS Tripoli
35.1%
LHA-
5
USS Peleliu
35%
LHA-
4
USS Nassau
33%
LHA-
8
USS Bougainville
28.7%
Quiz Playlist
Details
Report
Send in Message
Add To Playlist
More Info:
List includes all LHAs and LHDs currently in service, decommisioned, and planned.
Classic:
Type in answers that appear in a list
Quiz Source
Last Updated: Aug 15, 2017
Quiz Scoreboard
CHALLENGE
Sign Up to Join the Scoreboard
Show All
Scores
Hide
Comments
May contain spoilers
Recently Published
Street Fighter Characters
by Artimus82
Gaming
60s
9x9 Crossword: Cartoon Network
by jackfrog10
Miscellaneous
3m
College Basketball Coaching Resumes
by pancakes188
Sports
9m
More to Explore
Quiz From the Vault
Featured Blog Post
Where Did the Easter Bunny Come From?
hide this ad
You Might Also Like...
Tags
Numbers Quiz
assault
Assault Ships
hull
Navy
ship
US Navy
Today's Top Quizzes in History
Browse History
hide this ad
Today's Top Quizzes in Numbers
Browse Numbers
Top Contributed Quizzes in History
1
Popular People in 1991
2
Popular People in 1981
3
Popular People in 1951
4
Popular People in 1941
5
Popular People in 1986
6
Popular People in 1976
7
Popular People in 1921
8
5-to-1: 20th Century Images of War
9
I Am Born On March 28th
10
Popular People in 1946
Explore More
Trending Topics
NBA
Kpop
Disney
Harry Potter
Anime
Crossword
Marvel
The Office
Country
NFL
Pokémon
Soccer
WWE
Puzzle
Song
hide this ad
More By:
regaltdp
Quiz
Plays
Rating
Category
Featured
Created
U.S. Midwest Cities
3,516
4.62
Geography
May 11, 2010
Mortal Kombat: Armageddon
2,511
4.56
Gaming
Jun 13, 2010
Top 100 Midwest Cities
2,025
4.82
Geography
Sep 28, 2016
NCAA FBS College Towns (2023)
1,853
5.00
Sports
Dec 1, 2010
Largest Michigan High Schools
1,130
5.00
Sports
Mar 28, 2011
Go to Creator's Profile
Score Distribution
Quiz Creator Spotlight
regaltdp
Follow
Send a Message
Quizzes Created
-
Created Quiz Play Count
-
More By This Creator
Popular Quizzes Today
1
Find the US States - No Outlines Minefield
2
Find the Countries of Europe - No Outlines Minefield
3
The Countries of the World
4
Find the US States
5
Risky Map Clicking: Biggest States A-Z
6
US States
7
Popular People in 1961
8
Movies - When Are They Set?
More History Quizzes
Anyone but Richard Nixon
Published
Trending Quizzes
Risky Map Clicking: Least Populous States A-Z
Countries of the World: 200 Million BC
1-10 Letter G Words
Risky Map Clicking: Next State Alphabetically
Adjectives in 80s TV Shows
Recently Updated
Leaping Animals
pecheneg
Reality TV Shows (A-Z)
bhenderson79
Rickey Henderson's Hall of Fame Teammates
pecheneg
Champions League XIs: Arsenal
pecheneg
Quick Pick: Celebrities in WWE's Hall of Fame
aduchscher
A-Z Keypad Blitz II
pecheneg
Multiple Oscar Actors
pecheneg
Mystery Phrase Blitz: Oscar 'Best Actors'
pecheneg
F. Scott Fitzgerald Novels
LTH
Pick 3 Villains
ddd62291
Trending Topics
Harry Potter
NBA
Crossword
Kpop
Marvel
Disney
Anime
Song
WWE
The Office
Pokémon
Soccer
Country
Puzzle
NFL
Your Account Isn't Verified!
In order to create a playlist on Sporcle, you need to verify the email address you used during registration. Go to your
Sporcle Settings
to finish the process.
Report this User
Report this user for behavior that violates our
Community Guidelines
.
Details:
Send Report
Go to the Sporcle.com Mobile Site →
Comments